000 00593nam a2200193 i 4500
001 33474
003 ES-MaACL
007 t|
008 030202s1986 sp ||||1| spa d
020 _a84-282-0752-6
245 0 0 _aBiología molecular de la célula /
_cBruce Alberts... [et al.] ; [traducido por Margarita Costa].
260 _aBarcelona :
_bOmega,
_c1986.
300 _a1232, 34 p. :
_bil. ;
_c29 cm.
500 _aIndices.
504 _aBibliografía: p. 1230-1232.
700 1 _aAlberts, Bruce.
_919369
700 1 _aCosta, Margarita.
_941069
852 _aES-MaACL
_jL-9763
_bR.112200
999 _c33474
_d33474